000 00720nab#a2200241#c#4500
999 _c53231
_d53231
003 IEF
005 20191205184448.0
008 950704s1975 uuu|| #####0 b| |u
040 _aIEF
_cES-MaIEF
100 1 _aValle Sánchez, Victorio
_944634
245 _aAlgunas reflexiones sobre los principios del beneficio y de la capacidadde pago
_c Victorio Valle
260 _c1975
500 _aConclusiones,Bibliografía
650 4 _aINCIDENCIA Y TRASLACION
_946552
650 4 _aBIENESTAR SOCIAL
_933421
650 4 _aGASTO PUBLICO
_944787
650 4 _aBENEFICIOS
_932314
650 4 _aPAGO
_947926
773 0 _tHacienda pública española
_w34570
_g36, p. 187-203
942 _2udc
942 _2udc